| 000 | 01762nam a2200493Ii 4500 | ||
|---|---|---|---|
| 001 | DIGCSIC0588 | ||
| 003 | NyNyDIG | ||
| 006 | m o d | ||
| 007 | cr ||||||||||| | ||
| 008 | 220802s2020 sp a ob 000 0 spa d | ||
| 035 | _a(OCoLC)1197677344 | ||
| 040 |
_aDGITA _beng _erda _epn _cDGITA |
||
| 020 |
_a9788400106720 _qelectrónico _qCSIC |
||
| 020 |
_a9788413520421 _qelectrónico _qCatarata |
||
| 020 |
_z9788400106713 _qCSIC |
||
| 020 |
_z9788413520414 _qCatarata |
||
| 024 | 7 |
_a833-20-143-7 _qe-NIPO _2nipo |
|
| 024 | 7 |
_z833-20-142-1 _2nipo |
|
| 050 | 1 | 4 | _aQP301 ebook |
| 082 | 0 | 4 | _a612.044 |
| 100 | 1 |
_aTrejo, Juan, _d1970- _eauthor. |
|
| 245 | 1 | 0 |
_aCerebro y ejercicio / _cJosé Luis Trejo y Coral Sanfeliu. |
| 264 | 1 |
_aMadrid : _bCSIC : _bCatarata, _c[2020] |
|
| 300 |
_a1 online resource : _billustrations. |
||
| 336 |
_atext _btxt _2rdacontent |
||
| 337 |
_acomputer _bc _2rdamedia |
||
| 338 |
_aonline resource _bcr _2rdacarrier |
||
| 347 |
_atext file _2rdaft |
||
| 347 | _bPDF | ||
| 490 | 1 | _a¿Qué sabemos de? | |
| 504 | _aIncludes bibliographical references. | ||
| 588 | 0 | _aOnline resource; title from ePub title page (Digitalia, viewed August 2, 2022) | |
| 650 | 0 |
_aExercise _xPhysiological aspects. |
|
| 650 | 0 | _aNeurobiology. | |
| 655 | 0 | _aElectronic books. | |
| 700 | 1 |
_aSanfeliu i Pujol, Coral, _eauthor. |
|
| 791 | 2 |
_aDigitalia (Firm), _edistributor. |
|
| 793 | 0 |
_gDigitalia eBook Collection: _aEditorial CSIC |
|
| 776 | 0 | 8 |
_iPrint version: _aTrejo, Juan, 1970- _tCerebro y ejercicio. _dMadrid : CSIC : Catarata, [2020] _z9788400106713 |
| 830 | 0 |
_a¿Qué sabemos de? ; _v114. |
|
| 856 | 4 | 0 |
_3Digitalia Hispánica _uhttps://www.digitaliapublishing.com/a/80824/ |
| 910 | _aPremium collection: 2022 | ||
| 942 | _cRAA | ||
| 999 |
_c264896 _d264896 |
||